000 00677nam a2200241Ia 4500
003 OSt
005 20220918204111.0
006 a|||||r|||| 00| 0
007 ta
008 220917b |||||||| |||| 00| 0 eng d
024 _a110,999
037 _cTextual
040 _aARTS
_cARTS
_beng
041 _2eng
_aeng
082 _aV51y7C5390mC45, M2
100 _aHunter Virginia
_9110722
245 0 _aPast and process in Herodotus and Thucydides
260 _aPrinceton
_bPrinceton Univ Press
_c1982
300 _axviii,371p.
_ccm.
650 _aHISTORY
942 _hV51y7C5390mC45, M2
_cTEXL
_2CC
999 _c234348
_d234348